[Event "4NCL 2012-13"]
[Site "Hinckley ENG"]
[Date "2013.05.04"]
[Round "9.174"]
[White "Arakhamia-Grant, Ketevan"]
[Black "Kulon, Klaudia"]
[Result "0-1"]
[WhiteTitle "GM"]
[BlackTitle "WIM"]
[WhiteElo "2414"]
[BlackElo "2267"]
[WhiteTeam "Wood Green, Hilsmark Kingfisher"]
[BlackTeam "Sambuca Sharks & Sons of Anarchy"]
[WhiteFideId "13600168"]
[BlackFideId "1131044"]
[EventDate "2012.11.03"]

1. e4 e5 2. Nf3 Nc6 3. Bb5 a6 4. Ba4 Nf6 5. O-O b5 6. Bb3 Be7 7. Re1 d6 8. c3
O-O 9. h3 Na5 10. Bc2 c5 11. d4 Qc7 12. d5 Bd7 13. b3 Nb7 14. Nbd2 g6 15. Nf1
Nh5 16. Bh6 Rfe8 17. Kh2 Bf8 18. Qd2 Nf4 19. Bxf8 Rxf8 20. Ne3 Qc8 21. Ng1 f6
22. a4 Nd8 23. axb5 axb5 24. Rxa8 Qxa8 25. g3 Nh5 26. Bd1 Ng7 27. Ng4 h5 28.
Nh6+ Kh7 29. g4 Qa3 30. Nf3 b4 31. cxb4 Qxb4 32. Qe3 h4 33. Rg1 Nb7 34. Bc2 c4
35. bxc4 Qc5 36. Qd2 Na5 37. g5 Nxc4 38. Qe2 fxg5 39. Nf7 Nh5 40. N3xg5+ Kg7 41.
Bb3 Na5 42. Bd1 Rxf7 43. Nxf7 Kxf7 44. Qe1 Nf4 45. Bg4 Bxg4 46. Rxg4 Qa3 47. Qe3
Qxe3 48. fxe3 Nd3 49. Kg2 Nc5 50. Kf3 Nab3 51. Ke2 Nd7 52. Rxh4 Nf6 53. Rh8 Nc5
54. Ra8 Nfxe4 55. Rd8 Ke7 56. Rg8 Kf6 57. Rd8 Nc3+ 58. Kd2 Ke7 59. Rg8 Kf7 60.
Rd8 Nxd5 61. Ke2 Ne4 62. Kf3 Ndf6 63. h4 Ke6 64. Ra8 Kf5 65. Ra4 Nc3 66. Ra5 Nh5
67. Ra6 e4+ 68. Kf2 Ke5 69. Ra3 Nd5 70. Ra5 Ke6 71. Ra4 Nhf6 72. Kg3 Nxe3 73.
Kf4 Nf5 74. Kg5 e3 75. Ra2 Nd5 76. Kxg6 Nc3 77. Ra1 e2 78. Re1 Nxh4+ 0-1

[Event "4NCL 2012-13"]
[Site "Hinckley ENG"]
[Date "2013.05.04"]
[Round "9.175"]
[White "Sreeves, Clement"]
[Black "Bellon Lopez, Juan Manuel"]
[Result "1/2-1/2"]
[BlackTitle "GM"]
[WhiteElo "2223"]
[BlackElo "2404"]
[WhiteTeam "Sambuca Sharks & Sons of Anarchy"]
[BlackTeam "Wood Green, Hilsmark Kingfisher"]
[WhiteFideId "2402564"]
[BlackFideId "2200031"]
[EventDate "2012.11.03"]

1. e4 c5 2. Nf3 e6 3. d4 cxd4 4. Nxd4 Nf6 5. Nc3 Nc6 6. Ndb5 Bc5 7. Bf4 O-O 8.
Bc7 Qe7 9. Bd6 Bxd6 10. Qxd6 Ne8 11. Qxe7 Nxe7 12. O-O-O f5 13. e5 Ng6 14. Re1
b6 15. h4 a6 16. Nd4 Bb7 17. h5 Nf4 18. Rh2 Nc7 19. g3 Nfd5 20. Nxd5 Nxd5 21. f4
Rac8 22. Bg2 Rc7 23. Bxd5 Bxd5 24. Rd2 Bb7 25. Re3 b5 26. a3 Kf7 27. Rdd3 Rfc8
28. c3 Ke7 29. Nc2 Bd5 30. Rd4 a5 31. Kd2 Rc4 32. Rxc4 bxc4 33. Re2 Bf3 34. Rh2
d6 35. Nd4 Bg4 36. Ke3 h6 37. exd6+ Kxd6 38. Nf3 Bxf3 39. Kxf3 Rc5 40. Re2 Rd5
41. Kf2 e5 42. fxe5+ Rxe5 43. Rd2+ Ke6 44. Rd4 Rb5 45. Rxc4 Rxb2+ 46. Kf3 Kf6
47. Rc5 a4 48. Ra5 Kg5 49. g4 Rb3 50. Rxf5+ Kh4 51. Rc5 Rxa3 52. Rc7 Ra1 53.
Rxg7 a3 54. Ra7 a2 55. Kg2 Kxg4 56. Ra5 Kf4 57. c4 Ke4 58. c5 Kd5 59. c6+ Kxc6
60. Kh2 Kd6 61. Kg2 Ke6 62. Kh2 Kf7 63. Ra6 Rb1 64. Rxa2 Rb5 65. Ra6 Rxh5+ 66.
Kg2 Rg5+ 67. Kh3 Rg6 68. Rxg6 Kxg6 69. Kh2 h5 70. Kh3 h4 1/2-1/2

[Event "4NCL 2012-13"]
[Site "Hinckley ENG"]
[Date "2013.05.04"]
[Round "9.176"]
[White "Pein, Malcolm"]
[Black "Williams, Samuel G"]
[Result "1/2-1/2"]
[WhiteTitle "IM"]
[WhiteElo "2376"]
[BlackElo "2253"]
[WhiteTeam "Wood Green, Hilsmark Kingfisher"]
[BlackTeam "Sambuca Sharks & Sons of Anarchy"]
[WhiteFideId "400289"]
[BlackFideId "410977"]
[EventDate "2012.11.03"]

1. d4 Nf6 2. Nf3 g6 3. c4 Bg7 4. Nc3 d5 5. h4 h6 6. cxd5 Nxd5 7. e4 Nxc3 8. bxc3
c5 9. Be3 Qa5 10. Qd2 Nc6 11. Rc1 cxd4 12. cxd4 Qxd2+ 13. Kxd2 O-O 14. d5 Rd8
15. Ke1 Na5 16. Nd2 b6 17. Nc4 Nb7 18. h5 g5 19. f4 gxf4 20. Bxf4 Nc5 21. Nd2
Bb7 22. Bc4 Rac8 23. Ke2 Na4 24. Kf3 Nb2 25. Bb5 f5 26. Bc6 fxe4+ 27. Nxe4 Ba6
28. d6 exd6 29. Nxd6 Nd3 30. Nxc8 Nxc1 31. Ne7+ Kf7 32. Rxc1 Rd3+ 33. Kg4 Kxe7
34. Be4 Rd4 35. Rc7+ Kf8 36. Rxg7 Rxe4 37. Rxa7 Ra4 38. Kg3 Ra3+ 39. Kh4 Ra4 40.
g3 Kg8 41. Rc7 Rxa2 42. Bxh6 Rh2+ 43. Kg5 Be2 44. g4 Rg2 45. Rg7+ Kh8 46. Kf4 b5
47. Rg6 Kh7 1/2-1/2

[Event "4NCL 2012-13"]
[Site "Hinckley ENG"]
[Date "2013.05.04"]
[Round "9.178"]
[White "Hegarty, Sarah N"]
[Black "Varnam, Liam D"]
[Result "1-0"]
[WhiteTitle "WFM"]
[WhiteElo "2133"]
[BlackElo "2140"]
[WhiteTeam "Wood Green, Hilsmark Kingfisher"]
[BlackTeam "Sambuca Sharks & Sons of Anarchy"]
[WhiteFideId "2501465"]
[BlackFideId "410950"]
[EventDate "2012.11.03"]

1. e4 c5 2. Nf3 Nc6 3. d4 cxd4 4. Nxd4 Nf6 5. Nc3 e5 6. Ndb5 d6 7. Bg5 a6 8. Na3
b5 9. Bxf6 gxf6 10. Nd5 f5 11. c3 Bg7 12. Bd3 Be6 13. Nc2 Bxd5 14. exd5 Ne7 15.
Nb4 e4 16. Be2 O-O 17. Nc2 Qc8 18. Qd2 Qc5 19. Rd1 a5 20. a3 Rfe8 21. O-O Rab8
22. Kh1 Ng6 23. g3 f4 24. gxf4 Bh6 25. Rg1 Qxf2 26. Rdf1 Qh4 27. Rg4 Qe7 28. Ne3
Qa7 29. Nf5 Bf8 30. Nd4 Kh8 31. Nc6 e3 32. Qd1 Qc5 33. Nxb8 Rxb8 34. Rfg1 Bh6
35. f5 Nf4 36. Rh4 Nxe2 37. Qxe2 Qxd5+ 38. Qg2 Qxg2+ 39. Rxg2 Bg7 40. Re4 Bh6
41. f6 d5 42. Re7 b4 43. h4 bxc3 44. bxc3 Bf4 45. Rb2 Rd8 46. Rb5 h5 47. Rxa5
Kh7 48. Kg2 Kg6 49. Kf3 Bh6 50. Re5 Rc8 51. Rexd5 Rxc3 52. Rdc5 Rb3 53. Rc2 Kxf6
54. Rc6+ Kg7 55. Rxh5 f6 56. Rc7+ Kg6 57. Ra5 Bf8 58. h5+ Kh6 59. a4 Ba3 60. Rb5
Rd3 61. a5 Bd6 62. Rc6 Kg7 63. Rb7+ Kh6 64. Rd7 Rd2 65. Rcxd6 e2 66. Kf2 e1=Q+
67. Kxe1 1-0

[Event "4NCL 2012-13"]
[Site "Hinckley ENG"]
[Date "2013.05.04"]
[Round "9.181"]
[White "Holland, James P"]
[Black "Cobb, James"]
[Result "1/2-1/2"]
[BlackTitle "IM"]
[WhiteElo "2245"]
[BlackElo "2423"]
[WhiteTeam "BCM"]
[BlackTeam "South Wales Dragons"]
[WhiteFideId "416835"]
[BlackFideId "1800949"]
[EventDate "2012.11.03"]

1. c4 Nf6 2. g3 e6 3. Bg2 d5 4. Nf3 Be7 5. O-O O-O 6. b3 c5 7. Bb2 Nc6 8. e3 d4
9. exd4 cxd4 10. Re1 Ne8 11. Na3 f6 12. d3 e5 13. Nc2 Nc7 14. a3 a5 15. Rb1 Na6
16. Qd2 Rb8 17. Ba1 Bd7 18. b4 b5 19. c5 axb4 20. axb4 Nc7 21. Qe2 Be6 22. Nxe5
Nxe5 23. f4 Ng6 24. Nxd4 Bd5 25. Nc6 Bxc6 26. Bxc6 f5 27. d4 Bf6 28. d5 Bxa1 29.
Rxa1 Ne8 30. d6 Nxd6 31. Rad1 Rf6 32. Bxb5 Nxf4 33. gxf4 Rg6+ 34. Kh1 Rxb5 35.
Rxd6 Qa8+ 36. c6 Rxd6 37. Qxb5 Qxc6+ 38. Qxc6 Rxc6 39. b5 Rb6 40. Re5 g6 41. Kg2
Kg7 42. Kf2 Kh6 1/2-1/2

[Event "4NCL 2012-13"]
[Site "Hinckley ENG"]
[Date "2013.05.04"]
[Round "9.183"]
[White "Wadsworth, Matthew J"]
[Black "Zeidler, Sven P."]
[Result "1/2-1/2"]
[BlackTitle "FM"]
[WhiteElo "2055"]
[BlackElo "2281"]
[WhiteTeam "BCM"]
[BlackTeam "South Wales Dragons"]
[WhiteFideId "415804"]
[BlackFideId "1800604"]
[EventDate "2012.11.03"]

1. c4 f5 2. Nc3 Nf6 3. g3 g6 4. Bg2 Bg7 5. Nf3 d6 6. d4 O-O 7. O-O c6 8. d5 e5
9. dxe6 Bxe6 10. Qd3 Nbd7 11. Bf4 Nb6 12. b3 d5 13. Ng5 Qe7 14. Nxe6 Qxe6 15.
cxd5 Nbxd5 16. Nxd5 Nxd5 17. Bxd5 Qxd5 18. Qxd5+ cxd5 19. Rad1 d4 20. e3 Rfd8
21. exd4 Bxd4 22. Bg5 Rd6 23. Rd2 Be5 24. Rxd6 Bxd6 25. Rd1 Bc5 26. Rd7 b5 27.
Bf6 Re8 28. Kf1 Re6 29. Bc3 Ra6 30. Rd5 Bb6 31. Rd2 Kf7 32. Bb4 Ba5 33. Bxa5
Rxa5 34. Ke2 Ra6 35. Kd3 Rd6+ 36. Ke3 Re6+ 37. Kd3 Kf6 38. Rc2 Rd6+ 39. Ke3 g5
40. Rc5 Re6+ 41. Kd2 Ra6 42. Rc2 Ke5 43. Ke3 Re6 44. Kd3 Kd5 45. b4 Ra6 46. Rc5+
Ke6 47. Rxb5 Rxa2 48. Ke3 h5 49. Rb7 g4 50. Rh7 Ke5 51. f4+ gxf3 52. Kxf3 Rxh2
53. Rxa7 h4 54. Rh7 hxg3 55. Rxh2 gxh2 56. Kg2 Kd4 1/2-1/2

[Event "4NCL 2012-13"]
[Site "Hinckley ENG"]
[Date "2013.05.04"]
[Round "9.184"]
[White "Redmond, John P."]
[Black "Thompson, Ian D"]
[Result "0-1"]
[BlackTitle "FM"]
[WhiteElo "2236"]
[BlackElo "2250"]
[WhiteTeam "South Wales Dragons"]
[BlackTeam "BCM"]
[WhiteFideId "2500051"]
[BlackFideId "405205"]
[EventDate "2012.11.03"]

1. Nf3 d5 2. d4 Nf6 3. c4 c6 4. Nc3 e6 5. Bg5 h6 6. Bh4 dxc4 7. e4 g5 8. Bg3 b5
9. Be2 Bb7 10. e5 Nd5 11. Nd2 Nd7 12. a4 a6 13. O-O c5 14. Nxd5 Bxd5 15. Bf3 Nb6
16. dxc5 Bxc5 17. Ne4 Bxe4 18. Bxe4 Qxd1 19. Rfxd1 Rd8 20. axb5 Rxd1+ 21. Rxd1
axb5 22. Bc6+ Ke7 23. Bxb5 Rd8 24. Rb1 Rd2 25. Kf1 Bd4 26. Ke1 Rxb2 27. Rxb2
Bxb2 28. f4 Nd5 29. fxg5 hxg5 30. Bxc4 Ne3 31. Bb5 Nxg2+ 32. Kf2 Nf4 33. h4 Bxe5
34. Kf3 f5 35. hxg5 Ng6 36. Bxe5 Nxe5+ 37. Kg3 Ng6 38. Bd3 Kf7 39. Bc2 Ke7 40.
Ba4 e5 41. Bb3 e4 42. Bd1 Ke6 43. Kf2 Ke5 44. Bh5 Nf4 45. Be8 Nh3+ 0-1

[Event "4NCL 2012-13"]
[Site "Hinckley ENG"]
[Date "2013.05.04"]
[Round "9.185"]
[White "Hansen, Hans-Peter"]
[Black "Jameson, David"]
[Result "1-0"]
[WhiteElo "2207"]
[BlackElo "2143"]
[WhiteTeam "BCM"]
[BlackTeam "South Wales Dragons"]
[WhiteFideId "1503502"]
[BlackFideId "1801538"]
[EventDate "2012.11.03"]

1. Nf3 d5 2. c4 d4 3. g3 c5 4. b4 cxb4 5. a3 bxa3 6. Bxa3 Nc6 7. d3 g6 8. Bg2
Nf6 9. Nbd2 e5 10. Bxf8 Kxf8 11. O-O Kg7 12. Qa4 Re8 13. Ng5 Qc7 14. Rfb1 Re7
15. Qa3 Bg4 16. Rxb7 Qxb7 17. Bxc6 Qxc6 18. Qxe7 Qd7 19. Qxd7 Nxd7 20. f3 Bf5
21. g4 h6 22. Nxf7 Kxf7 23. gxf5 gxf5 24. Ra6 h5 25. Nb3 Nb8 26. Ra5 Nc6 27. Rc5
Rg8+ 28. Kf2 Rg6 29. f4 Re6 30. Na5 Nxa5 31. Rxa5 Kf6 32. fxe5+ Rxe5 33. Rxa7
Re3 34. Rd7 Rh3 35. Kg2 Re3 36. Rxd4 Rxe2+ 37. Kg3 h4+ 38. Kxh4 Rxh2+ 39. Kg3
Rc2 40. Rd8 Ke7 41. Rd5 Ke6 42. Kf3 Rc1 43. Rd8 Ke7 44. Rd4 Ke6 45. Rd5 Rc2 46.
Ra5 Rc1 47. Kf4 Rf1+ 48. Ke3 Re1+ 49. Kd2 Rb1 50. d4 Rb2+ 51. Ke3 Rb1 52. Ra6+
Kd7 53. c5 Re1+ 54. Kf3 Re4 55. d5 Rc4 56. Ra7+ Kd8 57. c6 Kc8 58. Rf7 Rd4 59.
Rxf5 Kc7 60. Ke3 Rc4 61. Kd3 Ra4 62. Rf7+ Kd8 63. d6 Ke8 64. Re7+ Kf8 65. c7 1-0

[Event "4NCL 2012-13"]
[Site "Hinckley ENG"]
[Date "2013.05.04"]
[Round "9.186"]
[White "Morris, Charles F"]
[Black "Coates, Kenneth G"]
[Result "1/2-1/2"]
[WhiteElo "2155"]
[BlackElo "2184"]
[WhiteTeam "South Wales Dragons"]
[BlackTeam "BCM"]
[WhiteFideId "1800140"]
[BlackFideId "409391"]
[EventDate "2012.11.03"]

1. c4 c6 2. Nf3 d5 3. g3 Nf6 4. Bg2 dxc4 5. O-O Be6 6. Ng5 Bd5 7. e4 h6 8. exd5
hxg5 9. dxc6 Nxc6 10. Na3 e6 11. Nxc4 Be7 12. d4 Rc8 13. Bxg5 Nxd4 14. Rc1 b5
15. Ne5 Rxc1 16. Bxc1 O-O 17. Be3 Nf5 18. Qxd8 Rxd8 19. Bxa7 Rd2 20. Rb1 Nd5 21.
a3 Bf6 22. Nf3 Rxb2 23. Rxb2 Bxb2 24. Bc5 Nc3 25. Bf1 Nb1 26. Bxb5 Bxa3 27. Bxa3
Nxa3 28. Bd3 Nd6 1/2-1/2

[Event "4NCL 2012-13"]
[Site "Hinckley ENG"]
[Date "2013.05.04"]
[Round "9.187"]
[White "Tavares, Shawn P"]
[Black "James, David"]
[Result "1/2-1/2"]
[BlackTitle "FM"]
[WhiteElo "2168"]
[BlackElo "2147"]
[WhiteTeam "BCM"]
[BlackTeam "South Wales Dragons"]
[WhiteFideId "7700016"]
[BlackFideId "1800272"]
[EventDate "2012.11.03"]

1. d4 Nf6 2. c4 e6 3. g3 d5 4. Bg2 Bb4+ 5. Bd2 Be7 6. Nc3 O-O 7. Nf3 dxc4 8. Qa4
a6 9. Qxc4 b5 10. Qd3 Bb7 11. a3 c5 12. O-O cxd4 13. Nxd4 Bxg2 14. Kxg2 Ra7 15.
Bf4 Rd7 16. Rfd1 Bc5 17. e3 Nc6 18. Nxc6 Rxd3 19. Nxd8 Rfxd8 20. Bc7 1/2-1/2

[Event "4NCL 2012-13"]
[Site "Hinckley ENG"]
[Date "2013.05.04"]
[Round "9.188"]
[White "Lochte, Szilvia"]
[Black "Yurenok, Maria S"]
[Result "1-0"]
[BlackTitle "WFM"]
[WhiteElo "1923"]
[BlackElo "2041"]
[WhiteTeam "South Wales Dragons"]
[BlackTeam "BCM"]
[WhiteFideId "708410"]
[BlackFideId "409359"]
[EventDate "2012.11.03"]

1. d4 Nf6 2. Nf3 g6 3. Bg5 Bg7 4. Nc3 d5 5. e3 c6 6. h3 Bf5 7. g4 Be4 8. Bxf6
Bxf3 9. Qxf3 Bxf6 10. O-O-O Nd7 11. e4 e6 12. Kb1 Be7 13. Qe3 Nb6 14. f4 Qd7 15.
exd5 Nxd5 16. Nxd5 Qxd5 17. Be2 O-O-O 18. c4 Qd6 19. Rd3 Bf6 20. d5 c5 21. dxe6
Bd4 22. Qe4 Qxe6 23. Qxe6+ fxe6 24. Bf3 Rd6 25. Re1 Rf8 26. f5 gxf5 27. gxf5 e5
28. Be4 h6 29. Kc2 Kc7 30. Re2 Rg8 31. Rg2 Rxg2+ 32. Bxg2 Rb6 33. b3 Ra6 34. a4
Rf6 35. Be4 b6 36. Rg3 a5 37. Rg6 Rd6 38. f6 Be3 39. f7 Rd2+ 40. Kc3 Rf2 41. Bd5
Bd4+ 42. Kd3 e4+ 43. Kxe4 Kd7 44. Rg8 Ke7 45. Re8+ Kd7 46. f8=Q Re2+ 47. Kd3
Rxe8 48. Bc6+ 1-0

[Event "4NCL 2012-13"]
[Site "Hinckley ENG"]
[Date "2013.05.05"]
[Round "10.112"]
[White "Chapman, Terry P D"]
[Black "Shirov, Alexei"]
[Result "0-1"]
[BlackTitle "GM"]
[WhiteElo "2279"]
[BlackElo "2708"]
[WhiteTeam "Barbican 4NCL"]
[BlackTeam "Wood Green, Hilsmark Kingfisher 1"]
[WhiteFideId "413399"]
[BlackFideId "2209390"]
[EventDate "2012.11.03"]

1. Nf3 Nf6 2. c4 e6 3. g3 d5 4. d4 dxc4 5. Bg2 Bb4+ 6. Bd2 a5 7. Qc2 Bxd2+ 8.
Qxd2 c6 9. a4 Ne4 10. Qc2 Nd6 11. Na3 b5 12. Ne5 Ra6 13. O-O Rb6 14. Rfd1 Ba6
15. e4 f6 16. Bf1 O-O 17. Ng4 f5 18. exf5 Nxf5 19. Qe4 Qd5 20. f3 bxa4 21. Ne5
Rb4 22. Naxc4 Bxc4 23. Bxc4 Rxc4 24. Qxd5 cxd5 25. Nxc4 dxc4 26. Rxa4 Nc6 27.
Rc1 Nfxd4 28. Kg2 Rb8 29. Raxc4 Rxb2+ 30. Kh3 Nxf3 31. g4 Nce5 32. Rc7 h6 33.
Ra7 Ng5+ 34. Kg3 Ne4+ 35. Kh3 Nf3 36. g5 Nfxg5+ 37. Kg4 Nf6+ 38. Kf4 Rxh2 39.
Rc8+ Kh7 40. Rcc7 0-1

[Event "4NCL 2012-13"]
[Site "Hinckley ENG"]
[Date "2013.05.05"]
[Round "10.113"]
[White "Howell, David W L"]
[Black "Berry, Neil"]
[Result "1-0"]
[WhiteTitle "GM"]
[BlackTitle "FM"]
[WhiteElo "2634"]
[BlackElo "2247"]
[WhiteTeam "Wood Green, Hilsmark Kingfisher"]
[BlackTeam "Barbican 4NCL"]
[WhiteFideId "410608"]
[BlackFideId "2400650"]
[EventDate "2012.11.03"]

1. e4 e5 2. Nf3 Nc6 3. Bb5 a6 4. Ba4 Nf6 5. O-O Nxe4 6. d4 b5 7. Bb3 d5 8. dxe5
Be6 9. Nbd2 Nc5 10. c3 Be7 11. Bc2 d4 12. Nb3 d3 13. Bb1 Nxb3 14. axb3 Bf5 15.
Bf4 Qd5 16. Re1 O-O 17. Ba2 b4 18. Nd2 Nd8 19. Be3 f6 20. exf6 Bxf6 21. cxb4 Nc6
22. Bc5 Nd4 23. Bxf8 Rxf8 24. Bb1 Ne2+ 25. Rxe2 dxe2 26. Qxe2 Bxb2 27. Bxf5 Qxf5
28. Rxa6 Kh8 29. Re6 Bc3 30. Re8 Bxb4 31. Rxf8+ Qxf8 32. Ne4 h6 33. Qc4 Qe7 34.
h4 Bd6 35. g3 Be5 36. Qd5 Kh7 37. h5 Kh8 38. Kg2 Kh7 39. b4 Kh8 40. b5 Kh7 41.
Nc5 Bd6 42. Ne6 Kh8 43. Kh3 Qf6 44. Kg2 Qe7 45. Nd4 Qe5 46. Qxe5 Bxe5 47. Nf5
Kg8 48. Kf3 Kf7 49. Ke4 Ke6 50. Nd4+ Kd6 51. Nf5+ Ke6 52. Ne3 Bf6 53. Nd5 Bd8
54. f4 Kd6 55. Kd4 c6 56. bxc6 Kxc6 57. Ke5 Kd7 58. Kf5 Ke8 59. Kg6 Kf8 60. f5
Bg5 61. f6 gxf6 62. Nxf6 Bd2 63. Ne4 Be3 64. Nd6 Bf2 65. g4 Be3 66. Nf5 1-0

[Event "4NCL 2012-13"]
[Site "Hinckley ENG"]
[Date "2013.05.05"]
[Round "10.114"]
[White "Dorrington, Chris J"]
[Black "Rowson, Jonathan"]
[Result "0-1"]
[BlackTitle "GM"]
[WhiteElo "2307"]
[BlackElo "2586"]
[WhiteTeam "Barbican 4NCL"]
[BlackTeam "Wood Green, Hilsmark Kingfisher"]
[WhiteFideId "410462"]
[BlackFideId "2400561"]
[EventDate "2012.11.03"]

1. d4 Nf6 2. c4 Nc6 3. Nf3 e6 4. Nc3 Bb4 5. Bd2 d5 6. e3 O-O 7. Qc2 Re8 8. O-O-O
Bf8 9. h3 Nb4 10. Qb3 c5 11. dxc5 Na6 12. cxd5 Nxc5 13. Qc2 exd5 14. Be1 Bd7 15.
Kb1 Rc8 16. Bb5 Bc6 17. Rc1 Ne6 18. Qa4 Qb6 19. Bxc6 bxc6 20. Qc2 c5 21. Na4 Qa6
22. Bc3 d4 23. Bd2 dxe3 24. Bxe3 Nd4 25. Qc4 Nb5 26. Ng5 Qb7 27. Ka1 Nd4 28. b4
Ne6 29. Nxc5 Qxg2 30. Rhg1 Qa8 31. Qh4 Nxc5 32. Bxc5 Bxc5 33. bxc5 Qd5 34. Qc4
Qe5+ 35. Qc3 Rxc5 36. Qxe5 Rexe5 37. Nf3 Red5 38. Rxc5 Rxc5 39. Rb1 g6 40. Rb7
a5 41. Nd4 Ne4 42. f3 Nf2 43. Nb3 Rf5 44. Ra7 Nxh3 45. Rxa5 Rxf3 46. Nd2 Rd3 47.
Ne4 h5 48. Kb2 h4 49. Rd5 Rxd5 50. Nf6+ Kf8 51. Nxd5 Nf2 52. Ne3 f5 53. a4 h3
54. Nf1 Ke7 55. Kc3 f4 56. Kd4 Ng4 57. Kc5 h2 58. Nxh2 Nxh2 59. a5 Kd7 60. Kb6
Kc8 61. Ka7 f3 62. a6 f2 63. Ka8 f1=Q 64. a7 Qg2# 0-1

[Event "4NCL 2012-13"]
[Site "Hinckley ENG"]
[Date "2013.05.05"]
[Round "10.115"]
[White "Baburin, Alexander"]
[Black "Knott, Simon J B"]
[Result "1/2-1/2"]
[WhiteTitle "GM"]
[BlackTitle "IM"]
[WhiteElo "2534"]
[BlackElo "2325"]
[WhiteTeam "Wood Green, Hilsmark Kingfisher"]
[BlackTeam "Barbican 4NCL"]
[WhiteFideId "2500914"]
[BlackFideId "400645"]
[EventDate "2012.11.03"]

1. d4 Nf6 2. c4 g6 3. Nf3 Bg7 4. g3 d5 5. cxd5 Nxd5 6. Bg2 Nb6 7. Nc3 Nc6 8. e3
O-O 9. O-O Re8 10. b3 e5 11. dxe5 Qxd1 12. Rxd1 Bg4 13. h3 Nxe5 14. hxg4 Nxf3+
15. Bxf3 Bxc3 16. Rb1 c6 17. e4 Rad8 18. Bg5 f6 19. Be3 g5 20. Bg2 h6 21. f3 Be5
22. Kf2 Rxd1 23. Rxd1 Bc7 24. f4 Rd8 25. Rh1 Kg7 26. e5 Nd7 27. e6 Nb6 28. Be4
Nc8 29. fxg5 fxg5 30. Bxg5 hxg5 31. Rh7+ Kf6 32. Rxc7 Ne7 33. Rxb7 Rd2+ 34. Ke3
Rxa2 35. Bf5 Ra5 36. Bd3 Kxe6 37. Bc4+ Kd6 38. Rb8 Re5+ 39. Kd4 c5+ 40. Kd3 Nc6
41. Rg8 Nb4+ 42. Kd2 a5 43. Rg6+ Ke7 44. Rg8 Kd6 45. Rg6+ Ke7 46. Kc1 Re1+ 47.
Kb2 Rg1 48. Rxg5 Rg2+ 49. Kb1 Rg1+ 50. Kb2 Rg2+ 1/2-1/2

[Event "4NCL 2012-13"]
[Site "Hinckley ENG"]
[Date "2013.05.05"]
[Round "10.116"]
[White "Franklin, Samuel G A"]
[Black "Pert, Nicholas"]
[Result "0-1"]
[WhiteTitle "FM"]
[BlackTitle "GM"]
[WhiteElo "2322"]
[BlackElo "2557"]
[WhiteTeam "Barbican 4NCL"]
[BlackTeam "Wood Green, Hilsmark Kingfisher"]
[WhiteFideId "468576"]
[BlackFideId "403989"]
[EventDate "2012.11.03"]

1. e4 e6 2. d4 d5 3. Nc3 Bb4 4. e5 c5 5. a3 Bxc3+ 6. bxc3 Ne7 7. Qg4 Qc7 8. Qxg7
Rg8 9. Qxh7 cxd4 10. Ne2 Nbc6 11. f4 dxc3 12. Qd3 d4 13. Nxd4 Nxd4 14. Qxd4 Bd7
15. Rg1 Nf5 16. Qf2 Qc6 17. Bd3 Qd5 18. Rb1 Bc6 19. Rb3 O-O-O 20. Rxc3 Kb8 21.
g4 Nd4 22. Rg3 Rh8 23. h3 Qa5 24. Bd2 Rd7 25. Rxc6 Qxa3 26. Ra6 bxa6 27. Kf1 Rc8
28. Be4 Qa4 29. Be3 Qb5+ 30. Kg2 Nxc2 31. h4 Rc4 32. Bxc2 Qc6+ 33. Qf3 Rxc2+ 34.
Kh3 Qxf3 35. Rxf3 a5 36. f5 a4 37. fxe6 fxe6 38. Bg5 Rdc7 39. Kg3 R2c3 40. Be3
a3 41. Bd4 Rxf3+ 42. Kxf3 Rd7 0-1

[Event "4NCL 2012-13"]
[Site "Hinckley ENG"]
[Date "2013.05.05"]
[Round "10.117"]
[White "Cramling, Pia"]
[Black "Sanders, Isaac B"]
[Result "1-0"]
[WhiteTitle "GM"]
[WhiteElo "2516"]
[BlackElo "2113"]
[WhiteTeam "Wood Green, Hilsmark Kingfisher"]
[BlackTeam "Barbican 4NCL"]
[WhiteFideId "1700030"]
[BlackFideId "417661"]
[EventDate "2012.11.03"]

1. d4 d5 2. Nf3 Nf6 3. c4 c6 4. Nc3 e6 5. Qb3 Nbd7 6. Bg5 Be7 7. e3 O-O 8. Bd3
b6 9. cxd5 exd5 10. O-O Bb7 11. Rfd1 Rc8 12. Bf5 Ne8 13. Bf4 Nd6 14. Bxd6 Bxd6
15. e4 g6 16. Bh3 Ra8 17. exd5 cxd5 18. Nb5 Bb8 19. Rac1 Nf6 20. Ne5 a6 21. Nc3
Ba7 22. Na4 Re8 23. Re1 Qd6 24. a3 b5 25. Nc5 Bc8 26. Qf3 Bxh3 27. Qxh3 Rac8 28.
b4 Ne4 29. Rcd1 f6 30. Ned3 Bb8 31. g3 Nc3 32. Rc1 Rxe1+ 33. Rxe1 f5 34. Re6 Qd8
35. Qh6 Ne4 36. Rxa6 Bd6 37. Ra7 Rc7 38. Ne6 1-0

[Event "4NCL 2012-13"]
[Site "Hinckley ENG"]
[Date "2013.05.05"]
[Round "10.118"]
[White "Regan, Natasha K"]
[Black "Emms, John M"]
[Result "0-1"]
[WhiteTitle "WIM"]
[BlackTitle "GM"]
[WhiteElo "2074"]
[BlackElo "2483"]
[WhiteTeam "Barbican 4NCL"]
[BlackTeam "Wood Green, Hilsmark Kingfisher"]
[WhiteFideId "403067"]
[BlackFideId "400254"]
[EventDate "2012.11.03"]

1. Nf3 c5 2. b3 Nf6 3. Bb2 e6 4. g3 Nc6 5. Bg2 d5 6. d3 Be7 7. Nbd2 O-O 8. e4 d4
9. a4 e5 10. Nc4 Qc7 11. Nh4 Na5 12. O-O Nxc4 13. bxc4 Ne8 14. Nf5 Nd6 15. Nxe7+
Qxe7 16. f4 exf4 17. gxf4 f5 18. e5 Nf7 19. c3 dxc3 20. Bxc3 Be6 21. a5 Rad8 22.
Qe2 Rd7 23. a6 b6 24. Bc6 Rc7 25. Bd5 Rd8 26. Bf3 Nh8 27. Rad1 Ng6 28. Bb7 Qf7
29. Qh5 Rcd7 30. Qe2 Qe7 31. Bc6 Nxf4 32. Rxf4 Qg5+ 33. Qg2 Qxf4 34. Bxd7 Rxd7
35. Qg3 Qxg3+ 36. hxg3 Bxc4 0-1

[Event "4NCL 2012-13"]
[Site "Hinckley ENG"]
[Date "2013.05.05"]
[Round "10.121"]
[White "Haslinger, Stewart G"]
[Black "Short, Nigel D"]
[Result "0-1"]
[WhiteTitle "GM"]
[BlackTitle "GM"]
[WhiteElo "2535"]
[BlackElo "2692"]
[WhiteTeam "Cheddleton"]
[BlackTeam "Guildford"]
[WhiteFideId "405248"]
[BlackFideId "400025"]
[EventDate "2012.11.03"]

1. e4 e6 2. d4 d5 3. Nd2 c5 4. Ngf3 Nf6 5. exd5 Nxd5 6. Nb3 Nd7 7. Be2 Qc7 8.
dxc5 Nxc5 9. Nbd4 a6 10. O-O Be7 11. Nf5 Bf6 12. c4 exf5 13. cxd5 Ne4 14. Qb3
O-O 15. Be3 Re8 16. Rac1 Qd6 17. g3 g5 18. Bd3 f4 19. Bb6 Bg4 20. Bxe4 Rxe4 21.
Bc5 Qd7 22. Rfe1 Rae8 23. Rxe4 Rxe4 24. Nd2 Re2 25. Qd3 Bxb2 26. Rb1 Qc8 27. Ne4
Rxe4 28. Qxe4 Bf5 29. Qe7 Bxb1 30. Qxg5+ Bg7 31. d6 b6 32. Ba3 fxg3 33. hxg3 Bg6
34. Qd5 Bf5 35. Kg2 Bd7 36. Qg5 h6 37. Qf4 Qc2 38. Kh2 Qxa2 39. Bc1 Qd5 40. Be3
b5 0-1